000 00827nam a2200265Ia 4500
003 OSt
005 20220918171333.0
006 a|||||r|||| 00| 0
007 ta
008 220917b |||||||| |||| 00| 0 eng d
020 _a9781506305592 (pbk)
_cUSD 42.00
024 _a317,579
037 _b425, 10/03/2017, Kilaso Books
_cTextual
040 _aARTS
_cARTS
_beng
041 _2eng
_aeng
082 _aS1:86, Q7
100 _aBrandell Jerrold R. Au.
_935916
245 0 _aOf mice and metaphors
_b therapeutic storytelling with children
250 _a2nd
260 _aLos Angeles
_b Sage USA
_c2017
300 _axii,164p.
_ccm.
650 _aCHILD PSYCHOLOGY; PSYCHOTHERAPY
_935917
942 _hS1:86, Q7
_cTEXL
_2CC
999 _c139115
_d139115